Statistics for Football Trivia

Click here to take the quiz!

General Stats

  • This quiz has been taken 48 times
    (43 since last reset)
  • The average score is 6 of 10

Answer Stats

QuestionsHintAnswer% Correct
How Many English Top-Flight Titles Have Liverpool Won?It's More Than Ten But Less Than Twenty18
92%
In What Year Did Diego Maradona Score 'The Hand Of God' Against EnglandIt Was In The 1980s1986
92%
Who Held The Record For Most Goals In A Calendar Year Until Lionel Messi Beat It In 2012.?He's Was A German InternationalGerd Muller
89%
Who Is The Special One?He Is PortugeseJose Mourinho
89%
What Is The First Name Of Athletico Madrid Superstar Falcao?It Begins With RRadamel
84%
How Many Different Clubs Have Participated In The Premier league Since Its Introduction?It's Less Than 5045
70%
Which Club Did Ronaldinho Join In January 2011?The Club Are From Is Native CountryFlamengo
41%
On Which Date Was Sir Alex Ferguson Born(day/month/year)?He Was Born In The 1940s31/12/1941
24%
Who Is The Oldest Player To Ever Play In The Premier League?He Was Playing For Manchester City At The TimeJohn Burridge
8%
Who Is The Second Most Expensive Player Of All Time?He Cost 59 Million PoundsZlatan Ibrahimovich
5%

Score Distribution

Percentile by Number Answered

Percent of People with Each Score

Your Score History

You have not taken this quiz since the last reset